| Поле | Название | Значение |
| |
Тип записи |
a |
| |
Библиографический уровень |
m |
| 001 |
Контрольный номер |
UONB/MAIN/d52bd89cd32d4e3e8de783cfa5018659 |
| 005 |
Дата корректировки |
20240919094458.9 |
| 010 |
Индекс ISBN |
__ |
| d |
Цена |
64 к. |
| 9 |
Тираж |
2000 экз. |
| 100 |
Данные общей обработки |
__ |
| a |
Данные общей обработки |
20240919d1974 u y0rusy0189 ca |
| 101 |
Язык документа |
0_ |
| a |
Язык текста |
rus |
| 102 |
Страна публикации |
__ |
| a |
Страна публикации |
RU |
| 105 |
Кодированные данные (монография) |
__ |
| a |
Кодированные данные (монография) |
a z 001yy |
| 200 |
Заглавие и сведения об ответственности |
1_ |
| a |
Заглавие |
Многослитковая прокатка |
| f |
Первые сведения об ответственности |
Г. Э. Цуканов, В. Д. Чехранов, В. А. Токарев |
| 203 |
Вид содержания и тип средства |
__ |
| a |
Вид содержания |
Текст |
| b |
Характеристика содержания |
визуальный |
| c |
Тип средства |
непосредственный |
| 210 |
Выходные данные |
1_ |
| a |
Место издания |
Москва |
| c |
Издательство |
Металлургия |
| d |
Дата издания |
1974 |
| 215 |
Физическое описание |
__ |
| a |
Объем |
91 с. |
| c |
Иллюстрации/тип воспроизводства |
ил., черт. |
| d |
Формат |
20 см |
| 320 |
Библиография |
__ |
| a |
Библиография |
Библиогр.: с. 89-91 |
| 606 |
Тематические рубрики |
0_ |
| a |
Основная рубрика |
Прокатка металлов многослитковая |
| 610 |
Ключевые слова |
0_ |
| a |
Ключевые слова |
прокатка металлов; прокатка многослитковая; многослитковая прокатка |
| 675 |
Индекс УДК |
__ |
| a |
Индекс УДК |
6П4.22-024 |
| 686 |
Индексы других классификаций |
__ |
| a |
Классификационный индекс |
34.621 |
| 2 |
Код системы |
rubbk |
| 700 |
Автор |
_1 |
| a |
Фамилия |
Цуканов |
| b |
Имя (инициалы) |
Г. Э. |
| g |
Полное личное имя |
Георгий Эммануилович |
| 701 |
Альтернативная интеллектуальная ответственность |
_1 |
| a |
Фамилия |
Чехранов |
| b |
Имя (инициалы) |
В. Д. |
| g |
Полное личное имя |
Вадим Демьянович |
| 701 |
Альтернативная интеллектуальная ответственность |
_1 |
| a |
Фамилия |
Токарев |
| b |
Имя (инициалы) |
В. А. |
| g |
Полное личное имя |
Владимир Аристархович |
| 801 |
Источник записи |
_0 |
| a |
Страна |
RU |
| b |
Организация |
Ульяновская ОНБ |
| c |
Дата составления |
20240919 |
| g |
Правила каталогизации |
RCR |
| 801 |
Источник записи |
_1 |
| a |
Страна |
RU |
| b |
Организация |
Ульяновская ОНБ |
| c |
Дата составления |
20240919 |
| g |
Правила каталогизации |
RCR |
| 901 |
Тип документа |
__ |
| t |
Тип документа |
m |
| 909 |
Создатель записи |
__ |
| a |
Создатель записи |
Горбункова |
| b |
Дата создания записи |
20240919 |